| 000 | 01163nam a2200265 i 4500 | ||
|---|---|---|---|
| 001 | bg | ||
| 245 | 0 | 0 |
_aElektroniczna biblioteka dzisiaj : _befektywne wykorzystanie baz CD-ROM w sieciach komputerowych : materiały II Konferencji Górnośląskiego Konsorcjum Bibliotek Naukowych, Katowice - Opole 21-23 kwietnia 1999 / _cpod red. Barbary Zajączkowskiej ; Akademia Ekonomiczna im. Karola Adamieckiego. |
| 260 |
_aKatowice : _bAE, _c2000. |
||
| 300 |
_a241 s. : _bil. ; _c24 cm. |
||
| 500 | _aTekst częśc. ang. - Streszcz. ang., pol., przy ref. | ||
| 504 | _aBibliogr. przy ref. | ||
| 650 | 9 |
_aBaza danych _zPolska _yod 1989 r. |
|
| 650 | 9 |
_aInformacja naukowa _xkomputeryzacja _zPolska _yod 1989 r. |
|
| 650 | 9 |
_aSłużba informacyjna biblioteczna _xkomputeryzacja _zPolska _yod 1989 r. |
|
| 655 | _aMateriały konferencyjne | ||
| 700 | 1 |
_aZAJĄCZKOWSKA, Barbara. _eRed. |
|
| 710 | 0 | _aAkademia Ekonomiczna im. Karola Adamieckiego (Katowice) | |
| 020 | _a8372461872 | ||
| 040 | _cBPK | ||
| 041 | 0 |
_aplen _benpl |
|
| 080 | _a027.021:002:004.65](438)"1989/..."(061) | ||
| 920 | _a83-7246-187-2 | ||
| 942 | _cKS | ||
| 008 | s pl f |000 0 pol | ||
| 999 |
_c39439 _d39439 |
||
| 856 |
_uhttp://koha.tu.koszalin.pl/cgi-bin/koha/opac-detail.pl?biblionumber=39439 _yKatalog online BPK |
||